[Event "Marianske Lazne IM-B1 22nd"]
[Site "Marianske Lazne"]
[Date "2024.01.20"]
[Round "9"]
[White "Dobrowolski, Piotr"]
[Black "Ni, Viktorija"]
[Result "1-0"]
[WhiteElo "2401"]
[BlackElo "2138"]
[PlyCount "119"]
[EventDate "2024.01.13"]
[EventType "tourn"]
[EventRounds "9"]
[EventCountry "CZE"]
[EventCategory "1"]
[SourceTitle "CB04_2024"]
[SourceDate "2023.10.16"]
[SourceVersion "1"]
[SourceVersionDate "2023.10.16"]
[SourceQuality "1"]

1. d4 Nf6 2. c4 g6 3. Nf3 Bg7 4. g3 0-0 5. Bg2 d6 6. Nc3 Re8 7. 0-0 Bd7 8. e4 e5 9. d5 a5 10. b3 Na6 11. Rb1 Nc5 12. Re1 c6 13. dxc6 Bxc6 14. Bg5 h6 15. Bxf6 Qxf6 16. Bh3 Red8 17. Kg2 Bf8 18. a3 b6 19. Nd5 Bxd5 20. cxd5 a4 21. b4 Nb3 22. Nd2 Nd4 23. Nf3 Nb3 24. Nd2 Nd4 25. Rc1 Ra7 26. Nf3 Nb3 27. Rc6 Rb8 28. Re3 h5 29. Rec3 Qe7 30. Kg1 Kh7 31. Bf1 Bg7 32. h4 Bh6 33. Bd3 Qd8 34. Bc2 Nd4 35. Nxd4 exd4 36. Rf3 Bg7 37. Bxa4 b5 38. Bc2 Rba8 39. Kg2 Kg8 40. Qc1 Kh7 41. Bd3 Qe7 42. Bxb5 Qxe4 43. a4 Qxd5 44. Qc4 Qe5 45. Rc8 d5 46. Qc6 Rxc8 47. Qxc8 Rc7 48. Qb8 Qe7 49. Qe8 Qe4 50. Bc6 Re7 51. Qa8 Re5 52. Qa6 Re6 53. Qb5 Rd6 54. Bb7 Qe5 55. a5 Qe4 56. Qd3 Qe1 57. a6 Qxb4 58. Qa3 Qxa3 59. Rxa3 d3 60. Rxd3 1-0

[Event "POL-chT 1st League"]
[Site "Leba"]
[Date "2023.09.29"]
[Round "7.6"]
[White "Nowicki, Bartosz"]
[Black "Dobrowolski, Piotr"]
[Result "1/2-1/2"]
[WhiteElo "2274"]
[BlackElo "2407"]
[PlyCount "74"]
[EventDate "2023.09.23"]
[EventType "team-swiss"]
[EventRounds "9"]
[EventCountry "POL"]
[SourceTitle "EXT 2024"]
[Source "ChessBase"]
[SourceDate "2023.10.10"]
[SourceVersion "1"]
[SourceVersionDate "2023.10.10"]
[SourceQuality "1"]
[WhiteTeam "Konin UKS Smecz"]
[BlackTeam "Wroclaw Polonia"]
[WhiteTeamCountry "POL"]
[BlackTeamCountry "POL"]

1. e4 c5 2. Nf3 Nc6 3. d4 cxd4 4. Nxd4 g6 5. c4 Bg7 6. Be3 Qb6 7. Nb5 Qa5+ 8. N1c3 Nf6 9. f3 0-0 10. Qd2 a6 11. Nd4 Nxd4 12. Bxd4 d6 13. a3 Be6 14. b4 Qc7 15. Rc1 Rfc8 16. Be2 Qd8 17. Nd5 Bxd5 18. exd5 Nd7 19. Be3 a5 20. 0-0 axb4 21. axb4 b6 22. f4 Ra3 23. Bg4 f5 24. Bd1 Rca8 25. Re1 Ra2 26. Rc2 Rxc2 27. Bxc2 Ra2 28. Qd3 Qa8 29. Bc1 Nf6 30. Rxe7 Bf8 31. Re1 Ne4 32. Qb3 b5 33. Bxe4 fxe4 34. c5 dxc5 35. bxc5 Bxc5+ 36. Kh1 Qa4 37. Qh3 Qc2 1/2-1/2

[Event "Ceske Budejovice op-A"]
[Site "Ceske Budejovice"]
[Date "2023.07.08"]
[Round "8"]
[White "Stefansson, Vignir Vatnar"]
[Black "Dobrowolski, Piotr"]
[Result "1-0"]
[WhiteElo "2487"]
[BlackElo "2417"]
[PlyCount "123"]
[EventDate "2023.07.01"]
[EventType "swiss"]
[EventRounds "9"]
[EventCountry "CZE"]
[SourceTitle "CBM 215 Extra"]
[Source "ChessBase"]
[SourceDate "2023.09.30"]
[SourceVersion "1"]
[SourceVersionDate "2023.09.30"]
[SourceQuality "1"]

1. c4 Nf6 2. Nf3 g6 3. d4 Bg7 4. g3 0-0 5. Bg2 d6 6. 0-0 c5 7. dxc5 dxc5 8. Nc3 Nc6 9. Bf4 Nh5 10. Be3 b6 11. h3 Bb7 12. Qc1 Qc8 13. Rd1 Rd8 14. Rxd8+ Qxd8 15. Bh6 Nd4 16. Nxd4 Bxg2 17. Ne6 Qd7 18. Kxg2 Qxe6 19. Bxg7 Kxg7 20. Nd5 Qe4+ 21. Kg1 e6 22. Qc3+ Qd4 23. Rd1 Nxg3 24. Qxd4+ cxd4 25. fxg3 exd5 26. cxd5 Kf6 27. Rxd4 Ke5 28. Rc4 Kxd5 29. Rc7 Ke6 30. Kf2 h5 31. Rb7 f6 32. Kf3 Kf5 33. Re7 g5 34. h4 Rc8 35. Rxa7 Rc2 36. b3 Rc3+ 37. Kg2 Rc2 38. Kf2 Kg4 39. Ra6 Rc3 40. Rxb6 Rxg3 41. Rxf6 Kxh4 42. Rf3 Rg4 43. a3 Re4 44. b4 g4 45. Rb3 Rf4+ 46. Kg2 Re4 47. b5 Rxe2+ 48. Kf1 Rc2 49. b6 Rc1+ 50. Ke2 Rc2+ 51. Kd3 Rc8 52. b7 Rb8 53. Ke2 g3 54. Kf1 Kh3 55. Kg1 h4 56. Rb4 Rd8 57. Rb1 Rb8 58. a4 Kg4 59. a5 h3 60. a6 h2+ 61. Kg2 Rh8 62. a7 1-0

[Event "Ceske Budejovice op-A"]
[Site "Ceske Budejovice"]
[Date "2023.07.04"]
[Round "4"]
[White "Wiley, Tom E"]
[Black "Dobrowolski, Piotr"]
[Result "1/2-1/2"]
[WhiteElo "2143"]
[BlackElo "2417"]
[PlyCount "52"]
[EventDate "2023.07.01"]
[EventType "swiss"]
[EventRounds "9"]
[EventCountry "CZE"]
[SourceTitle "CBM 215 Extra"]
[Source "ChessBase"]
[SourceDate "2023.09.30"]
[SourceVersion "1"]
[SourceVersionDate "2023.09.30"]
[SourceQuality "1"]

1. d4 d5 2. c4 e6 3. Nc3 Bb4 4. cxd5 exd5 5. Bf4 c6 6. e3 Bf5 7. Bd3 Ne7 8. Nge2 0-0 9. a3 Bd6 10. 0-0 Bxf4 11. Nxf4 Qd6 12. b4 a6 13. Na4 Nd7 14. Nc5 b5 15. Nxd7 Qxd7 16. a4 f6 17. a5 Bxd3 18. Nxd3 Nf5 19. Qg4 g6 20. Rac1 Qe8 21. Qf4 Qd7 22. Nc5 Qe7 23. Nd3 Rac8 24. Nc5 Ra8 25. Nd3 Rac8 26. Nc5 Ra8 1/2-1/2

[Event "Ceske Budejovice op-A"]
[Site "Ceske Budejovice"]
[Date "2023.07.01"]
[Round "1"]
[White "Dobrowolski, Piotr"]
[Black "Vaculik, Martin1111"]
[Result "1-0"]
[WhiteElo "2417"]
[BlackElo "1963"]
[PlyCount "73"]
[EventDate "2023.07.01"]
[EventType "swiss"]
[EventRounds "9"]
[EventCountry "CZE"]
[SourceTitle "CBM 215 Extra"]
[Source "ChessBase"]
[SourceDate "2023.09.30"]
[SourceVersion "1"]
[SourceVersionDate "2023.09.30"]
[SourceQuality "1"]

1. e4 e5 2. Nf3 Nf6 3. Nxe5 d6 4. Nc4 Nxe4 5. Qe2 Qe7 6. Ne3 c6 7. Nc3 Nf6 8. d4 d5 9. Bd2 Be6 10. 0-0-0 Na6 11. f4 0-0-0 12. f5 Bd7 13. Qf3 Nc7 14. Bd3 Re8 15. Rde1 Qd8 16. Ng4 Rxe1+ 17. Rxe1 Nxg4 18. Qxg4 Be7 19. Qxg7 Bf6 20. Qh6 Bxd4 21. Ne2 Be5 22. g4 f6 23. Nf4 c5 24. c3 Bc6 25. Bc2 d4 26. c4 Qd6 27. Ng6 Re8 28. Nxe5 Rxe5 29. Rxe5 Qxe5 30. Bd3 Be4 31. Qf8+ Ne8 32. Bxe4 Qxe4 33. Qxc5+ Kb8 34. Qd5 Qxd5 35. cxd5 Kc7 36. Bb4 a5 37. Bf8 1-0

[Event "Titled Tuesday intern op 13th Jun Late"]
[Site "Chess.com INT"]
[Date "2023.06.13"]
[Round "9"]
[White "Dobrowolski, Piotr"]
[Black "Kaplan, Avi Harrison"]
[Result "1-0"]
[WhiteElo "2417"]
[BlackElo "2110"]
[PlyCount "137"]
[EventDate "2023.06.13"]
[EventType "swiss (blitz)"]
[EventRounds "11"]
[EventCountry "USA"]
[SourceTitle "EXT 2024"]
[Source "ChessBase"]
[SourceDate "2023.10.10"]
[SourceVersion "1"]
[SourceVersionDate "2023.10.10"]
[SourceQuality "1"]

1. e4 b6 2. d4 Bb7 3. Bd3 f5 4. exf5 Bxg2 5. Qh5+ g6 6. fxg6 Bg7 7. gxh7+ Kf8 8. hxg8Q+ Kxg8 9. Qg4 Bxh1 10. Nc3 Rxh2 11. Bg5 Qe8 12. 0-0-0 Rg2 13. Qh4 Rxg5 14. Qxg5 Bb7 15. Nh3 Qf7 16. Rg1 Kf8 17. Nf4 Qf6 18. Ng6+ Kf7 19. Qh5 e6 20. Ne4 Bxe4 21. Bxe4 Nc6 22. Bxc6 dxc6 23. Ne5+ Ke7 24. Nxc6+ Kd6 25. Ne5 Qh6+ 26. Qxh6 Bxh6+ 27. Kd1 Rf8 28. Ke2 Bf4 29. Nd3 Bh6 30. Rg6 Bf4 31. Rg7 a6 32. c3 Bh6 33. Rh7 Bg5 34. f3 Bf6 35. Nf2 Bd8 36. Ne4+ Kc6 37. Rh6 Kd7 38. c4 Rg8 39. Rh2 Be7 40. Kf2 Kc6 41. Rh7 Bb4 42. d5+ exd5 43. cxd5+ Kxd5 44. Nf6+ Kc4 45. Nxg8 c5 46. Rh4+ Kb5 47. a3 Ba5 48. f4 Bd2 49. f5 Bg5 50. Rg4 Bd8 51. f6 Bxf6 52. Nxf6 c4 53. Nd7 Ka5 54. Nxb6 Kxb6 55. Rxc4 Kb5 56. b3 Ka5 57. a4 Kb6 58. Ke3 Ka5 59. Kd4 Kb6 60. b4 Kb7 61. a5 Ka7 62. Kc5 Kb7 63. Rd4 Kc7 64. Rd6 Kb7 65. Rd7+ Kc8 66. Kc6 Kb8 67. Kb6 Kc8 68. Rd6 Kb8 69. Rd8# 1-0

[Event "Titled Tuesday intern op 02nd May Late"]
[Site "Chess.com INT"]
[Date "2023.05.02"]
[Round "3"]
[White "Bortnyk, Olexandr"]
[Black "Dobrowolski, Piotr"]
[Result "1-0"]
[WhiteElo "2605"]
[BlackElo "2417"]
[PlyCount "169"]
[EventDate "2023.05.02"]
[EventType "swiss (blitz)"]
[EventRounds "11"]
[EventCountry "USA"]
[SourceTitle "EXT 2024"]
[Source "ChessBase"]
[SourceDate "2023.10.10"]
[SourceVersion "1"]
[SourceVersionDate "2023.10.10"]
[SourceQuality "1"]

1. d4 e6 2. Nc3 d5 3. Bf4 a6 4. e3 Nf6 5. a3 c5 6. Nf3 Nc6 7. h3 b5 8. dxc5 Bxc5 9. Bd3 b4 10. axb4 Nxb4 11. 0-0 0-0 12. Ne5 Bb7 13. Qf3 Bd6 14. Ne2 Qc7 15. Ng4 Nxg4 16. Bxd6 Qxd6 17. Qxg4 Nxd3 18. cxd3 e5 19. d4 f6 20. Rfc1 Rfc8 21. Ng3 Rc7 22. Nf5 Qd7 23. Rxc7 Qxc7 24. Ra3 Kh8 25. Rc3 Qd7 26. Nxg7 Qxg7 27. Qxg7+ Kxg7 28. Rc7+ Kg6 29. Rxb7 exd4 30. exd4 Rc8 31. Rd7 Rc1+ 32. Kh2 Rc2 33. Kg3 Rxb2 34. Rxd5 Rd2 35. Kf3 a5 36. Ke3 Ra2 37. h4 h5 38. g3 a4 39. Rd8 a3 40. Ra8 Ra1 41. Kf3 a2 42. d5 Rd1 43. Rxa2 Rxd5 44. Ra8 Rd3+ 45. Ke4 Rd2 46. Ke3 Rb2 47. Rg8+ Kf7 48. Rd8 Kg6 49. Rd3 Ra2 50. Rd2 Ra3+ 51. Ke4 Ra4+ 52. Kf3 Ra3+ 53. Kg2 Rb3 54. Re2 Ra3 55. Re3 Ra4 56. Kf3 Rb4 57. Re4 Rb3+ 58. Kf4 Rb2 59. f3 Rb3 60. Rc4 Ra3 61. g4 hxg4 62. fxg4 Rb3 63. h5+ Kh6 64. Kf5 Kg7 65. Rc7+ Kh6 66. Kxf6 Rf3+ 67. Ke5 Kg5 68. Rg7+ Kh6 69. Rg6+ Kh7 70. Rf6 Rg3 71. Kf4 Rg1 72. Kg5 Kg7 73. h6+ Kh7 74. Rf7+ Kg8 75. Rb7 Ra1 76. Rb6 Ra5+ 77. Kg6 Ra8 78. g5 Kh8 79. Rb5 Ra6+ 80. Kh5 Ra8 81. g6 Rc8 82. h7 Rd8 83. Kh6 Rd5 84. Rb8+ Rd8 85. Rxd8# 1-0

[Event "Titled Tuesday intern op 02nd May Late"]
[Site "Chess.com INT"]
[Date "2023.05.02"]
[Round "9"]
[White "Dobrowolski, Piotr"]
[Black "Prydun, Andriy"]
[Result "0-1"]
[WhiteElo "2417"]
[BlackElo "2134"]
[PlyCount "74"]
[EventDate "2023.05.02"]
[EventType "swiss (blitz)"]
[EventRounds "11"]
[EventCountry "USA"]
[SourceTitle "EXT 2024"]
[Source "ChessBase"]
[SourceDate "2023.10.10"]
[SourceVersion "1"]
[SourceVersionDate "2023.10.10"]
[SourceQuality "1"]

1. e4 c6 2. c4 e6 3. d4 d5 4. Nc3 Nf6 5. e5 Nfd7 6. Nf3 Be7 7. cxd5 cxd5 8. Bd3 Nc6 9. a3 f6 10. exf6 Bxf6 11. 0-0 0-0 12. Re1 e5 13. Nxd5 exd4 14. Bc4 Kh8 15. Nxf6 Nxf6 16. Ng5 Qc7 17. Qf3 Ne5 18. Rxe5 Qxe5 19. Bf4 Qc5 20. Nf7+ Rxf7 21. Bxf7 Bg4 22. Qb3 Qe7 23. h3 Bf5 24. Rc1 d3 25. g4 Be4 26. Qe6 Qd8 27. g5 Bd5 28. Qe3 Bxf7 29. gxf6 Qxf6 30. Be5 Qf5 31. f4 Bg6 32. Rc7 Rg8 33. Qd4 Qf8 34. Kf2 Bf5 35. Ke3 Qe8 36. Kd2 Qg6 37. Kc3 Qb6 0-1

[Event "Titled Tuesday intern op 02nd May Late"]
[Site "Chess.com INT"]
[Date "2023.05.02"]
[Round "11"]
[White "Dobrowolski, Piotr"]
[Black "Topalov, Aleksandar"]
[Result "1-0"]
[WhiteElo "2417"]
[BlackElo "2233"]
[PlyCount "113"]
[EventDate "2023.05.02"]
[EventType "swiss (blitz)"]
[EventRounds "11"]
[EventCountry "USA"]
[SourceTitle "EXT 2024"]
[Source "ChessBase"]
[SourceDate "2023.10.10"]
[SourceVersion "1"]
[SourceVersionDate "2023.10.10"]
[SourceQuality "1"]

1. e4 e6 2. Nf3 d5 3. Nc3 Nf6 4. e5 Ng8 5. Ne2 Ne7 6. d4 b6 7. Nf4 Qd7 8. h4 h5 9. Ng5 g6 10. Qf3 Nf5 11. c3 Ba6 12. Bxa6 Nxa6 13. a4 c5 14. Qd3 Nc7 15. g3 Be7 16. Bd2 Bxg5 17. hxg5 c4 18. Qc2 0-0-0 19. b3 cxb3 20. Qxb3 Qc6 21. Bc1 Kb7 22. Ba3 Ka8 23. a5 b5 24. Nd3 Na6 25. Bc5 Nxc5 26. Nxc5 a6 27. Kd2 Ka7 28. Qb4 Rc8 29. Rh3 Rhd8 30. f3 Qe8 31. Rb1 Rb8 32. g4 hxg4 33. fxg4 Ne7 34. Rh7 Nc6 35. Qa3 Rdc8 36. Rf1 Rc7 37. Nd3 b4 38. Nxb4 Nxb4 39. cxb4 Qb5 40. Rfxf7 Rxf7 41. Rxf7+ Rb7 42. Rxb7+ Kxb7 43. Qc3 Qf1 44. Qe3 Qg2+ 45. Kc3 Qxg4 46. Kb3 Qd1+ 47. Kb2 Kc6 48. Qc3+ Kb7 49. Ka3 Qg4 50. Qc5 Qf3+ 51. Kb2 Qe2+ 52. Qc2 Qg4 53. Qd3 Qxg5 54. b5 Qg2+ 55. Ka3 Qg1 56. bxa6+ Ka7 57. Qc3 1-0

[Event "Titled Tuesday intern op 02nd May Late"]
[Site "Chess.com INT"]
[Date "2023.05.02"]
[Round "7"]
[White "Kujawski, Adam"]
[Black "Dobrowolski, Piotr"]
[Result "0-1"]
[WhiteElo "2173"]
[BlackElo "2417"]
[PlyCount "74"]
[EventDate "2023.05.02"]
[EventType "swiss (blitz)"]
[EventRounds "11"]
[EventCountry "USA"]
[SourceTitle "EXT 2024"]
[Source "ChessBase"]
[SourceDate "2023.10.10"]
[SourceVersion "1"]
[SourceVersionDate "2023.10.10"]
[SourceQuality "1"]

1. e4 e6 2. d4 d5 3. Nc3 Bb4 4. Nge2 Nc6 5. a3 Ba5 6. e5 f6 7. Nf4 Nh6 8. Qh5+ Nf7 9. exf6 Qxf6 10. Be3 Nxd4 11. 0-0-0 Bxc3 12. bxc3 Nf5 13. Bd3 g6 14. Qe2 Nxe3 15. Qxe3 0-0 16. Rhe1 Qxc3 17. Qg3 Qxa3+ 18. Kd2 Qb4+ 19. c3 Qb2+ 20. Bc2 Nd6 21. Nxg6 Nc4+ 22. Kd3 Rf6 23. Ne5+ Kf8 24. Nxc4 dxc4+ 25. Kd4 Qb6+ 26. Ke4 Qc6+ 27. Ke3 Qc5+ 28. Ke2 Qe7 29. Kf1 Bd7 30. Re5 Bc6 31. Rg5 Qf7 32. Re1 Rd8 33. Be4 Bxe4 34. Rxe4 Rd2 35. Re2 Rxe2 36. Kxe2 a5 37. f3 a4 0-1

[Event "POL-chT 2nd League"]
[Site "Jastrzebia Gora"]
[Date "2022.09.10"]
[Round "8.7"]
[White "Dobrowolski, Piotr"]
[Black "Kumala, Aleksander"]
[Result "1-0"]
[WhiteElo "2424"]
[BlackElo "2175"]
[PlyCount "87"]
[EventDate "2022.09.03"]
[EventType "team-swiss"]
[EventRounds "9"]
[EventCountry "POL"]
[SourceTitle "CBM 210 Extra"]
[Source "ChessBase"]
[SourceDate "2022.11.30"]
[SourceVersion "1"]
[SourceVersionDate "2022.11.30"]
[SourceQuality "1"]
[WhiteTeam "Wroclaw Polonia"]
[BlackTeam "Debica Gryf"]
[WhiteTeamCountry "POL"]
[BlackTeamCountry "POL"]

1. d4 d5 2. c4 e6 3. Nc3 Bb4 4. e3 Nf6 5. a3 Bxc3+ 6. bxc3 0-0 7. cxd5 exd5 8. Bd3 b6 9. Ne2 Ba6 10. Bxa6 Nxa6 11. f3 Qd7 12. 0-0 c5 13. Ng3 Rfe8 14. Ra2 Nb8 15. Re2 Nc6 16. Bb2 Rad8 17. Qd3 h6 18. Rd1 c4 19. Qc2 h5 20. Bc1 h4 21. Nh1 Ne7 22. Nf2 Ng6 23. e4 dxe4 24. fxe4 Nh5 25. Nh3 Qg4 26. Rf1 f6 27. Rf3 Ne7 28. Qa4 Qe6 29. Qb5 g5 30. Nxg5 fxg5 31. Qxg5+ Ng7 32. Rf6 Qd7 33. Qxh4 Nef5 34. Qf2 Nd6 35. e5 Qa4 36. Bh6 Nh5 37. Rxd6 Rxd6 38. exd6 Qd1+ 39. Qf1 Qxe2 40. Qxe2 Re5 41. Qe3 Rxe3 42. d7 Re2 43. d8Q+ Kf7 44. Qc7+ 1-0

[Event "Pardubice Czech op-A 33rd"]
[Site "Pardubice"]
[Date "2022.07.26"]
[Round "5"]
[White "Swicarz, Maciej"]
[Black "Dobrowolski, Piotr"]
[Result "0-1"]
[WhiteElo "2335"]
[BlackElo "2423"]
[PlyCount "94"]
[EventDate "2022.07.22"]
[EventType "swiss"]
[EventRounds "9"]
[EventCountry "CZE"]
[SourceTitle "CBM 209 Extra"]
[Source "ChessBase"]
[SourceDate "2022.09.30"]
[SourceVersion "1"]
[SourceVersionDate "2022.09.30"]
[SourceQuality "1"]

1. d3 d5 2. Nd2 e5 3. e4 Ne7 4. g3 Nbc6 5. Bg2 g6 6. Ngf3 Bg7 7. 0-0 0-0 8. c3 a5 9. h4 h6 10. h5 g5 11. Nh2 f5 12. f4 dxe4 13. dxe4 exf4 14. gxf4 gxf4 15. Rxf4 Be6 16. Qe2 Qd6 17. Ndf1 Ne5 18. Be3 Nd3 19. Rf3 Rad8 20. Kh1 f4 21. Bd4 Ne5 22. Rf2 N7c6 23. Bxe5 Nxe5 24. Bf3 Qd3 25. Qxd3 Rxd3 26. Kg2 Rd7 27. Rb1 Bf6 28. b3 Nd3 29. Rc2 Bh4 30. Bg4 Bxg4 31. Nxg4 Ne1+ 32. Rxe1 Bxe1 33. Nxh6+ Kh7 34. Nf5 Rd3 35. Nh2 Rg8+ 36. Kf1 Bxc3 37. Kf2 Rd2+ 38. Rxd2 Bxd2 39. Kf3 Rg1 40. Ng4 Re1 41. e5 Kh8 42. h6 Bc1 43. Kf2 Bd2 44. Nh4 Rh1 45. e6 Be1+ 46. Kf3 Bxh4 47. Kxf4 Kh7 0-1

[Event "Pardubice Czech op-A 33rd"]
[Site "Pardubice"]
[Date "2022.07.25"]
[Round "4"]
[White "Dobrowolski, Piotr"]
[Black "Nemec, Vjekoslav"]
[Result "1-0"]
[WhiteElo "2423"]
[BlackElo "2243"]
[PlyCount "97"]
[EventDate "2022.07.22"]
[EventType "swiss"]
[EventRounds "9"]
[EventCountry "CZE"]
[SourceTitle "CBM 209 Extra"]
[Source "ChessBase"]
[SourceDate "2022.09.30"]
[SourceVersion "1"]
[SourceVersionDate "2022.09.30"]
[SourceQuality "1"]

1. e4 c5 2. Nf3 d6 3. d4 cxd4 4. Nxd4 Nf6 5. Nc3 a6 6. Bg5 e6 7. f4 Be7 8. Qf3 Qc7 9. 0-0-0 Nbd7 10. f5 e5 11. Nde2 b5 12. Bxf6 Nxf6 13. Nd5 Nxd5 14. exd5 Bd7 15. Ng3 Rc8 16. Bd3 Bf6 17. Ne4 h5 18. g3 b4 19. Kb1 a5 20. h3 a4 21. g4 a3 22. g5 Bd8 23. b3 Qb6 24. Bc4 Qb8 25. Ba6 Bb6 26. Bxc8 Bxc8 27. Rhf1 Ba6 28. Rfe1 Kd7 29. c4 bxc3 30. Nxc3 Qa7 31. Rc1 Bf2 32. Re4 Bd4 33. Ne2 Bb2 34. Rc2 Bb5 35. Rxb2 axb2 36. Kxb2 Qc5 37. Nc3 h4 38. b4 Qb6 39. a4 Ba6 40. b5 Bb7 41. f6 g6 42. Qg4+ Kd8 43. Rc4 Qf2+ 44. Kb3 Qg3 45. b6 Rh5 46. Rc8+ Bxc8 47. Qc4 Qxh3 48. Qc7+ Ke8 49. Qe7# 1-0

[Event "Pardubice Czech op-A 33rd"]
[Site "Pardubice"]
[Date "2022.07.22"]
[Round "1"]
[White "Zaehringer, Daniel"]
[Black "Dobrowolski, Piotr"]
[Result "0-1"]
[WhiteElo "2166"]
[BlackElo "2423"]
[PlyCount "96"]
[EventDate "2022.07.22"]
[EventType "swiss"]
[EventRounds "9"]
[EventCountry "CZE"]
[SourceTitle "CBM 209 Extra"]
[Source "ChessBase"]
[SourceDate "2022.09.30"]
[SourceVersion "1"]
[SourceVersionDate "2022.09.30"]
[SourceQuality "1"]

1. d4 e6 2. c4 Nf6 3. Nc3 Bb4 4. Qc2 Nc6 5. Nf3 d6 6. Bd2 e5 7. dxe5 dxe5 8. 0-0-0 Bxc3 9. Bxc3 Qe7 10. e3 a5 11. a3 Nd7 12. Nd2 Nc5 13. Ne4 Be6 14. Nxc5 Qxc5 15. Qb3 Qa7 16. Qb5 f6 17. c5 Ke7 18. Bc4 Bxc4 19. Qxc4 Rad8 20. f4 exf4 21. exf4 Rxd1+ 22. Rxd1 Rd8 23. Re1+ Kf8 24. Re6 Ne7 25. Qe4 Qxc5 26. Qxh7 Qg1+ 27. Re1 Qxg2 28. Qh8+ Ng8 29. Qh5 b6 30. Kb1 Qc6 31. Ka1 Rd3 32. Qe2 Qd7 33. Qh5 Rd5 34. Qe2 Nh6 35. Qf3 Nf7 36. Rg1 Nd8 37. h4 Qf5 38. Re1 Qh5 39. Qe4 Rd1+ 40. Rxd1 Qxd1+ 41. Ka2 Qd6 42. f5 Nc6 43. h5 Ne7 44. Qa8+ Kf7 45. h6 gxh6 46. Qh8 Qd5+ 47. b3 Qg2+ 48. Bb2 Ng8 0-1

[Event "Pardubice rapid op 33rd"]
[Site "Pardubice"]
[Date "2022.07.20"]
[Round "1"]
[White "Brousek, Jan"]
[Black "Dobrowolski, Piotr"]
[Result "0-1"]
[WhiteElo "1538"]
[BlackElo "2423"]
[PlyCount "42"]
[EventDate "2022.07.20"]
[EventType "swiss (rapid)"]
[EventRounds "9"]
[EventCountry "CZE"]
[SourceTitle "CBM 209 Extra"]
[Source "ChessBase"]
[SourceDate "2022.09.30"]
[SourceVersion "1"]
[SourceVersionDate "2022.09.30"]
[SourceQuality "1"]

1. e4 c5 2. f4 d5 3. exd5 Nf6 4. Nc3 Nxd5 5. Nxd5 Qxd5 6. Qf3 Qd7 7. g3 Nc6 8. Bb5 e6 9. Bxc6 bxc6 10. d3 Be7 11. Bd2 Bf6 12. Bc3 Bxc3+ 13. bxc3 Rb8 14. c4 Qd4 15. Rd1 Qc3+ 16. Kf2 0-0 17. Ne2 Qxc2 18. Ra1 Rd8 19. Rhd1 Qa4 20. Nc3 Rb2+ 21. Kg1 Qc2 0-1

[Event "Pardubice rapid op 33rd"]
[Site "Pardubice"]
[Date "2022.07.20"]
[Round "2"]
[White "Dobrowolski, Piotr"]
[Black "Svoboda, Petr"]
[Result "1-0"]
[WhiteElo "2423"]
[BlackElo "2088"]
[PlyCount "67"]
[EventDate "2022.07.20"]
[EventType "swiss (rapid)"]
[EventRounds "9"]
[EventCountry "CZE"]
[SourceTitle "CBM 209 Extra"]
[Source "ChessBase"]
[SourceDate "2022.09.30"]
[SourceVersion "1"]
[SourceVersionDate "2022.09.30"]
[SourceQuality "1"]

1. e4 e5 2. Nf3 Nc6 3. Bb5 a6 4. Ba4 Nf6 5. 0-0 Be7 6. Re1 b5 7. Bb3 0-0 8. a4 Bb7 9. d3 h6 10. Nc3 b4 11. Ne2 d6 12. a5 Re8 13. Ng3 Bf8 14. Bd2 Rb8 15. Nf5 Bc8 16. N3h4 Be6 17. Ba4 Bd7 18. h3 Kh7 19. c3 g6 20. Ne3 Nxe4 21. Nxg6 fxg6 22. dxe4 bxc3 23. Bxc3 Qg5 24. Rc1 Re7 25. Bd2 Nb4 26. Nd5 Bxa4 27. Bxg5 Bxd1 28. Bxe7 Nxd5 29. exd5 Bxe7 30. Rxc7 Kg8 31. Rxe7 Bb3 32. Re6 Bxd5 33. Rxg6+ Kf7 34. Rxd6 1-0

[Event "Titled Tuesday intern op 19th Jul Early"]
[Site "Chess.com INT"]
[Date "2022.07.19"]
[Round "7"]
[White "Erenberg, Ariel"]
[Black "Dobrowolski, Piotr"]
[Result "0-1"]
[WhiteElo "2516"]
[BlackElo "2423"]
[PlyCount "48"]
[EventDate "2022.07.19"]
[EventType "swiss (blitz)"]
[EventRounds "11"]
[EventCountry "USA"]
[SourceTitle "EXT 2023"]
[Source "ChessBase"]
[SourceDate "2022.10.05"]
[SourceVersion "1"]
[SourceVersionDate "2022.10.05"]
[SourceQuality "1"]

1. d4 e6 2. c4 c5 3. d5 exd5 4. cxd5 d6 5. Nc3 g6 6. Bf4 Bg7 7. e3 Nf6 8. Qa4+ Bd7 9. Qb3 Qc7 10. Bxd6 Qxd6 11. Qxb7 Qb6 12. Qxa8 Qxb2 13. Nge2 Qxa1+ 14. Nd1 0-0 15. Qxa7 Nxd5 16. Qxc5 Be6 17. Nd4 Rc8 18. Qa3 Bxd4 19. exd4 Nc3 20. Be2 Nxe2 21. Kxe2 Rc2+ 22. Ke1 Bc4 23. Qa4 Re2+ 24. Kf1 Rxa2+ 0-1

[Event "Titled Tuesday intern op 19th Jul Early"]
[Site "Chess.com INT"]
[Date "2022.07.19"]
[Round "10"]
[White "Pein, Jonathan"]
[Black "Dobrowolski, Piotr"]
[Result "0-1"]
[WhiteElo "2252"]
[BlackElo "2423"]
[PlyCount "100"]
[EventDate "2022.07.19"]
[EventType "swiss (blitz)"]
[EventRounds "11"]
[EventCountry "USA"]
[SourceTitle "EXT 2023"]
[Source "ChessBase"]
[SourceDate "2022.10.05"]
[SourceVersion "1"]
[SourceVersionDate "2022.10.05"]
[SourceQuality "1"]

1. b3 d5 2. Bb2 Nf6 3. Nf3 Bf5 4. d3 e6 5. Nbd2 h6 6. g3 Bh7 7. Bg2 Be7 8. 0-0 0-0 9. Re1 c5 10. e4 Nc6 11. Ne5 Nxe5 12. Bxe5 d4 13. Bxf6 Bxf6 14. f4 e5 15. fxe5 Bxe5 16. Nc4 Qg5 17. Qf3 Bc7 18. a4 Rab8 19. Re2 Bg6 20. Rf2 h5 21. Re1 Rfe8 22. Rfe2 h4 23. gxh4 Qxh4 24. Qh3 Qxh3 25. Bxh3 b6 26. e5 a6 27. Nd6 Bxd6 28. exd6 Rxe2 29. Rxe2 Rd8 30. d7 Kf8 31. Re5 a5 32. Kf2 f6 33. Re6 Rxd7 34. Rxb6 Re7 35. Bg4 Re5 36. Rb5 Rg5 37. h3 f5 38. Bf3 f4 39. Rxa5 Rg3 40. Rxc5 Rxh3 41. a5 Rh2+ 42. Bg2 Ke7 43. a6 Kd6 44. Rb5 Be8 45. Rb6+ Kc7 46. Rb7+ Kd6 47. a7 Rxg2+ 48. Kxg2 Bc6+ 49. Kf2 Bxb7 50. b4 Kc7 0-1

[Event "Legnica Voivoda Cup 36th"]
[Site "Legnica"]
[Date "2022.06.05"]
[Round "6"]
[White "Dobrowolski, Piotr"]
[Black "Stremavicius, Titas"]
[Result "0-1"]
[WhiteElo "2405"]
[BlackElo "2495"]
[PlyCount "86"]
[EventDate "2022.06.01"]
[EventType "tourn"]
[EventRounds "9"]
[EventCountry "POL"]
[EventCategory "7"]
[SourceTitle "CBM 208 Extra"]
[Source "ChessBase"]
[SourceDate "2022.07.31"]
[SourceVersion "1"]
[SourceVersionDate "2022.07.31"]
[SourceQuality "1"]

1. e4 c5 2. Nf3 Nc6 3. d4 cxd4 4. Nxd4 Nf6 5. Nc3 d6 6. Bg5 e6 7. Qd2 a6 8. 0-0-0 Bd7 9. f4 b5 10. Bxf6 gxf6 11. Kb1 Qb6 12. Nce2 Rc8 13. f5 Nxd4 14. Nxd4 e5 15. Ne2 b4 16. Ng3 h5 17. h4 a5 18. Be2 Bc6 19. Bc4 Qc5 20. Qe2 Bh6 21. b3 Be3 22. Nxh5 Ke7 23. Rh3 Bd4 24. Rg3 Rcg8 25. Rxg8 Rxg8 26. g4 a4 27. g5 fxg5 28. f6+ Kd7 29. Bxf7 Qc3 30. Rxd4 Qxd4 31. Qg4+ Kc7 32. Ng7 Kb6 33. Ne6 Qf2 34. Qd1 Rh8 35. bxa4 Rxh4 36. Be8 Rxe4 37. Kb2 Qe3 38. a5+ Kxa5 39. Bxc6 Qc3+ 40. Kc1 Re1 41. Qxe1 Qxe1+ 42. Kb2 Qf2 43. Nxg5 Qd4+ 0-1